Mal- geography - Statistics

General Stats
  • This quiz has been taken 52 times
  • The average score is 9 of 15
Answer Stats
Hint Answer % Correct
Island country in the Indian Ocean Maldives
100%
Island county in the Mediterranean Malta
98%
Country in West Africa Mali
96%
Country in Southeast Asia Malaysia
92%
Spanish island Mallorca
83%
City in southern Sweden Malmö
83%
Capital of the above Malé
77%
City in Andalusia Málaga
54%
Official language of 4 countries Malay
54%
Capital of Equatorial Guinea Malabo
50%
One of the African Great Lakes Malawi
46%
Spanish name of the Falkland Islands Islas {Malvinas}
44%
Body of water separating Sumatra from the mainland Strait of {Malacca}
35%
Language spoken in Kerala, India Malayalam
19%
Archipelago in central Indonesia {Maluku} Islands
4%
No matching quizzes found
Score Distribution
Percent of People with Each Score
Percentile by Number Answered
Your Score History
You have not taken this quiz